LIBRARY & INFORMATION CENTRE, KCAET, TAVANUR

ONLINE PUBLIC ACCESS CATALOGUE (OPAC)

Farm machinery works like this / (Record no. 1410)

MARC details
000 -LEADER
fixed length control field 00451cam a2200181ua 4500
041 ## - LANGUAGE CODE
Language code of text/sound track or separate title eng
082 ## - DEWEY DECIMAL CLASSIFICATION NUMBER
Classification number 631.3
Item number KNE/FA
100 ## - MAIN ENTRY--AUTHOR NAME
Personal name Kneebone, S D .
245 ## - TITLE STATEMENT
Title Farm machinery works like this /
250 ## - EDITION STATEMENT
Edition statement 1 /
260 ## - PUBLICATION, DISTRIBUTION, ETC. (IMPRINT)
Place of publication London :
Name of publisher Pheonix House Limited ,
Year of publication 1963.
300 ## - PHYSICAL DESCRIPTION
Number of Pages 56 ; .
942 ## - ADDED ENTRY ELEMENTS (KOHA)
Koha item type Books
Holdings
Withdrawn status Lost status Damaged status Home library Current library Date acquired Full call number Accession Number Koha item type
      KAUAET KAUAET 07/04/2012 631.3 14605 Books
free website counter